000 00344 a2200157 4500
001 61144
020 _a8590099415
040 _cAnchieta - Pituba
100 _aCalheira, Gileno
240 1 0 _aA zebra que deu certo
_lpor
245 1 0 _aA zebra que deu certo
300 _a102
362 0 _a2000
650 4 _aCrônica brasileira
942 _cBK
999 _c61144
_d61144